00421 2200157 4500001002100000008004100021035002000062245005800082250000600140260004100146300001500187020002200202084001700224082001100241990001100252INLIS000000000000477 ind  a0010-0922000318 aMatahari - Matahari MuhammadiyahcDjarnawi Hadikusuma a2 aYogyakartabSuara Muhammadiyahc2010 a102c14 cm a978-979-3708-82-9 a297.66 DJA m a297.66 aMD0381